Guess the random Taylor Swift Song Lyrics 4 - Statistics

General Stats
  • This quiz has been taken 32 times
  • The average score is 219 of 282
Answer Stats
Answer % Correct
a
100%
I
100%
to
100%
You
100%
you
100%
do
94%
I'll
94%
is
94%
It
94%
it
94%
me
94%
my
94%
of
94%
(of
94%
the
94%
was
94%
Was
94%
we
94%
your
94%
And
88%
be
88%
ever
88%
have
88%
I'd
88%
never
88%
On
88%
on
88%
said
88%
say
88%
that
88%
when
88%
you're
88%
best
81%
But
81%
Don't
81%
don't
81%
for
81%
get
81%
off
81%
(off
81%
she
81%
So
81%
were
81%
who
81%
am
75%
back
75%
can't
75%
friend
75%
from
75%
had
75%
has
75%
how
75%
know
75%
like
75%
mom
75%
Now
75%
Or
75%
though
75%
way
75%
what
75%
What
75%
Did
69%
even
69%
home
69%
it's
69%
just
69%
Just
69%
long
69%
men
69%
part
69%
party
69%
Red
69%
Remind
69%
talk
69%
think
69%
this
69%
want
69%
went
69%
with
69%
With
69%
you'd
69%
acid
63%
anxious
63%
been
63%
better
63%
call
63%
change
63%
chest
63%
chest)
63%
crowd
63%
didn't
63%
everybody
63%
friends
63%
got
63%
grew
63%
guess
63%
Guess
63%
hair
63%
icons
63%
mega
63%
myself
63%
old
63%
only
63%
pretend
63%
rock
63%
Sea
63%
started
63%
tell
63%
yacht
63%
cannot
56%
faded
56%
gave
56%
heard
56%
important
56%
left
56%
left)
56%
lives
56%
looks
56%
miss
56%
more
56%
new
56%
outside
56%
thoughts
56%
tryin'
56%
ways
56%
cost
50%
dignity
50%
into
50%
less
50%
lost
50%
lost)
50%
'til
50%
('til
50%
chasing
44%
maybe
44%
mystery
44%
pay
44%
turn
44%
weekends
44%
ended
38%
price
38%
shrouded
38%
Truth
38%
Platonic
31%
dinners
19%
Shared
13%
No matching quizzes found
Score Distribution
Percent of People with Each Score
Percentile by Number Answered
Your Score History
You have not taken this quiz